000 00348 a2200157 4500
001 69112
020 _a8598553069
040 _cAnchieta - Itaigara
100 _aCedraz, Antônio
240 1 0 _aLendas e mistérios
_lpor
245 1 0 _aLendas e mistérios
300 _a47
362 0 _a2007
650 4 _aLiteratura infanto-juvenil
942 _cBK
999 _c69112
_d69112